| 000 | 005020000a22001810004500 | ||
|---|---|---|---|
| 003 | MACL | ||
| 005 | 20160318113402.0 | ||
| 008 | 160318b xxu||||| |||| 00| 0 eng d | ||
| 040 |
_aMACL _cMACL |
||
| 041 | _aHindi | ||
| 082 | _a891.432 | ||
| 100 |
_aवर्मा रामकुमार _941290 |
||
| 245 | _aरजत रश्मि | ||
| 260 |
_bभारतीय ज्ञानमीठ _c1952 _aकाशी |
||
| 350 | _a2.50 | ||
| 650 |
_aDrama _947141 |
||
| 942 |
_cHIN _k891.432 _2ddc |
||
| 999 |
_c23764 _d23764 |
||